Latin American Education: A Quest for Identity
Guardado en:
| Autor principal: | |
|---|---|
| Formato: | Libro |
| Lenguaje: | English |
| Publicado: |
[New Orleans] :
Roger Thayer Stone Center for Latin American Studies, Tulane University,
1985
|
| Materias: | |
| Etiquetas: |
Agregar Etiqueta
Sin Etiquetas, Sea el primero en etiquetar este registro!
|
MARC
| LEADER | 00000nam a2200000Ia 4500 | ||
|---|---|---|---|
| 008 | 171117b1985 us ||||| |||| 00| | eng d | ||
| 999 | |c 1466 |d 1466 | ||
| 090 | |a 06.02.01 |b 1659 | ||
| 100 | 1 | |a Nystrom, Nancy J. |9 3283 |e Editor/a | |
| 245 | 1 | 0 | |a Latin American Education: A Quest for Identity |
| 260 | |a [New Orleans] : |b Roger Thayer Stone Center for Latin American Studies, Tulane University, |c 1985 | ||
| 300 | |a 251páginas | ||
| 650 | 1 | 4 | |a EDUCACIÓN |9 1 |
| 650 | 1 | 4 | |a IDENTIDAD CULTURAL |9 480 |
| 942 | |i 003534 |h 06.02.01 1659 |2 z |c 01 | ||
